000 00863nam a2200265 i 4500
001 bg
100 1 _aMaj, Tadeusz.
245 1 0 _aOrganizacja budowy /
_cTadeusz Maj.
260 _aWarszawa :
_bWydawnictwa Szkolne i Pedagogiczne,
_c2007.
300 _a218, [2] s. :
_bil. ;
_c24 cm.
500 _aNa okł. podtyt.: podręcznik.
504 _aBibliogr. s. 218-[219], akty prawne s. [220].
521 8 _aDo kształcenia zawodowego do nauczania w zawodzie technik budownictwa na poziomie technikum i szkoły policealnej.
650 9 _aBudownictwo
_xorganizacja
655 _aPodręczniki dla szkół zawodowych
015 _aPB 26132/2007
020 _a9788302098840
040 _cBPK
041 _apol
044 _aPOL
080 _a69.05(075.3-021.66)
920 _a978-83-02-09884-0
942 _cKS
008 090702s2007 pl a f f |000 0 pol
999 _c56430
_d56430
856 _uhttp://koha.tu.koszalin.pl/cgi-bin/koha/opac-detail.pl?biblionumber=56430
_yKatalog online BPK